Les mathématiques utiles
Zapisane w:
| 1. autor: | |
|---|---|
| Format: | Książka |
| Język: | Undetermined |
| Wydane: |
Paris
Dunod
1954
|
| Hasła przedmiotowe: | |
| Etykiety: |
Dodaj etykietę
Nie ma etykietki, Dołącz pierwszą etykiete!
|
| Thư viện lưu trữ: | Trung tâm Học liệu Trường Đại học Cần Thơ |
|---|
| LEADER | 00449nam a2200181Ia 4500 | ||
|---|---|---|---|
| 001 | CTU_1524 | ||
| 008 | 210402s9999 xx 000 0 und d | ||
| 082 | |a 510 | ||
| 082 | |b P388 | ||
| 100 | |a J L Pelletier | ||
| 245 | 0 | |a Les mathématiques utiles | |
| 245 | 0 | |c J L Pelletier | |
| 260 | |a Paris | ||
| 260 | |b Dunod | ||
| 260 | |c 1954 | ||
| 650 | |a mathematics | ||
| 904 | |i Minh, 960816 | ||
| 980 | |a Trung tâm Học liệu Trường Đại học Cần Thơ | ||